[Event "Weekend"]
[Site "Cutro ITA"]
[Date "2006.03.24"]
[Round "1"]
[White "Fittante, Enrico"]
[Black "Scalise, Sandro"]
[Result "0-1"]
[WhiteElo "1437"]
[BlackElo "1592"]
[PlyCount "134"]
[EventDate "2006.03.24"]

1. e4 Nf6 2. Nf3 Nxe4 3. Bc4 d5 4. Bb3 Bg4 5. d3 Nf6 6. O-O Nc6 7. c3 e5 8. Qe1
Bxf3 9. gxf3 Be7 10. Bg5 Qd6 11. Kh1 O-O 12. Rg1 Nh5 13. Bxe7 Nxe7 14. Nd2 Nf4
15. d4 Neg6 16. Rg3 Rae8 17. Qe3 exd4 18. Qxd4 Ne2 19. Qxd5 Nxg3+ 20. hxg3 Rd8
21. Qxd6 Rxd6 22. Ne4 Rdd8 23. Kg2 b6 24. a3 h6 25. Rc1 Ne5 26. c4 Nd3 27. Rb1
f5 28. Nc3 Kh8 29. Nb5 Rfe8 30. Nxc7 Re2 31. Rf1 Rxb2 32. Ba4 Nc5 33. Bb5 Rdd2
34. Nd5 Rxb5 35. cxb5 Rxd5 36. Re1 a6 37. bxa6 Nxa6 38. Re6 Ra5 39. Rxb6 Kh7
40. Rb3 Nc5 41. Rc3 Kg6 42. f4 Kf6 43. Kf3 g5 44. fxg5+ hxg5 45. Ke3 Ke5 46.
f4+ gxf4+ 47. gxf4+ Kd5 48. Kf3 Ra4 49. Ke3 Re4+ 50. Kf3 Kd4 51. Rc2 Re3+ 52.
Kg2 Rxa3 53. Rb2 Rb3 54. Ra2 Ke3 55. Rf2 Ke4 56. Rc2 Ne6 57. Rc4+ Nd4 58. Ra4
Rf3 59. Kh2 Rxf4 60. Kg2 Rg4+ 61. Kf2 f4 62. Rc4 f3 63. Ra4 Rg2+ 64. Kf1 Rb2
65. Ra1 Ke3 66. Rc1 Rf2+ 67. Kg1 Ne2+ 0-1

[Event "Weekend"]
[Site "Cutro ITA"]
[Date "2006.03.24"]
[Round "1"]
[White "Levato, Biagio"]
[Black "Olivo, Ilaria"]
[Result "1-0"]
[WhiteElo "1522"]
[BlackElo "1377"]
[PlyCount "85"]
[EventDate "2006.03.24"]

1. Nf3 Nf6 2. d3 d5 3. g3 c5 4. Bg2 Nc6 5. O-O e5 6. Nbd2 Be7 7. Re1 O-O 8. a3
Be6 9. e4 d4 10. h4 h6 11. Nf1 Qd7 12. N1h2 Bh3 13. c3 Bxg2 14. Kxg2 Ng4 15. b4
Nxh2 16. Nxh2 dxc3 17. Nf3 cxb4 18. axb4 Bxb4 19. Qa4 Qxd3 20. Nxe5 Nxe5 21.
Qxb4 b6 22. Re3 Qc4 23. Qxc3 Qxc3 24. Rxc3 Rfd8 25. Bf4 f6 26. Rc7 a5 27. Be3
Rdb8 28. h5 a4 29. f4 Nd3 30. Rd7 Nb2 31. e5 fxe5 32. fxe5 Nc4 33. Bd4 b5 34.
e6 Rd8 35. Rxg7+ Kh8 36. Rg4+ Kh7 37. Rg7+ Kh8 38. Rg4+ Kh7 39. Rf1 Nd6 40.
Rg7+ Kh8 41. e7 Re8 42. Rg6+ Kh7 43. Rxd6 1-0

[Event "Weekend"]
[Site "Cutro ITA"]
[Date "2006.03.24"]
[Round "1"]
[White "Olivo, Paolo"]
[Black "Policastrese, Salvatore"]
[Result "1/2-1/2"]
[WhiteElo "1604"]
[BlackElo "1440"]
[PlyCount "77"]
[EventDate "2006.03.24"]

1. e4 e5 2. Nf3 Nc6 3. Bb5 d6 4. O-O Nf6 5. Re1 Be7 6. d4 Bd7 7. c4 exd4 8.
Nxd4 Nxd4 9. Bxd7+ Qxd7 10. Qxd4 O-O 11. Nc3 Rfe8 12. Bf4 c6 13. Rad1 Rad8 14.
Qxa7 Qc8 15. a3 Rd7 16. e5 dxe5 17. Bxe5 Red8 18. Qa4 Rd2 19. Rxd2 Rxd2 20. b4
h6 21. Bxf6 Bxf6 22. Ne4 Qe6 23. Nxf6+ Qxf6 24. Qa8+ Kh7 25. Qa7 Qe6 26. Qe3
Qxe3 27. fxe3 Ra2 28. e4 Rxa3 29. b5 Rc3 30. bxc6 bxc6 31. Kf2 Rxc4 32. Kf3 Rd4
33. Rc1 Rd6 34. e5 Re6 35. Kf4 Kg6 36. Rd1 c5 37. Rd6 c4 38. g4 c3 39. Rd1
1/2-1/2

[Event "Weekend"]
[Site "Cutro ITA"]
[Date "2006.03.24"]
[Round "1"]
[White "Virelli, Salvatore"]
[Black "Spagnolo, Vincenzo"]
[Result "1-0"]
[WhiteElo "1545"]
[BlackElo "1401"]
[PlyCount "45"]
[EventDate "2006.03.24"]

1. e4 e5 2. Nf3 Nc6 3. Bb5 Nf6 4. Nc3 Bb4 5. O-O Bxc3 6. bxc3 d6 7. Re1 Bg4 8.
h3 Bxf3 9. Qxf3 Qd7 10. Rb1 b6 11. Qg3 O-O 12. d4 Rfe8 13. d5 Qe7 14. Bxc6 Rad8
15. Bh6 Nh5 16. Qg4 g6 17. Bxe8 Rxe8 18. Re3 Nf6 19. Qh4 Qd8 20. Bg5 Kg7 21.
Rf3 Kg8 22. Bxf6 Qd7 23. Qh6 1-0

[Event "Weekend"]
[Site "Cutro ITA"]
[Date "2006.03.25"]
[Round "2"]
[White "Alo', Lucio"]
[Black "Levato, Biagio"]
[Result "0-1"]
[WhiteElo "1628"]
[BlackElo "1522"]
[PlyCount "98"]
[EventDate "2006.03.24"]

1. Nf3 c5 2. Nc3 Nf6 3. d4 e6 4. e4 b6 5. Bg5 Be7 6. e5 Nd5 7. Bxe7 Nxc3 8.
Bxd8 Nxd1 9. Rxd1 Kxd8 10. dxc5 Ke7 11. cxb6 axb6 12. a3 Nc6 13. Bb5 Bb7 14.
O-O Rhd8 15. Rd6 f6 16. Rfd1 Rac8 17. exf6+ gxf6 18. c3 Rc7 19. h3 Ba8 20. Nh2
Rg8 21. f3 h5 22. Bxc6 Bxc6 23. Kf2 Rb8 24. R1d4 Bd5 25. R6xd5 exd5 26. Rxd5
Rc5 27. Rd4 Ke6 28. g4 Rd5 29. f4 Rxd4 30. cxd4 hxg4 31. hxg4 Rc8 32. Ke3 Rc2
33. f5+ Kd5 34. Nf3 Rxb2 35. g5 Rb3+ 36. Kf4 fxg5+ 37. Nxg5 Rxa3 38. f6 Ra8 39.
Kf5 b5 40. f7 b4 41. Kf6 b3 42. Nf3 Rb8 43. Nd2 Kxd4 44. Ke7 Kd3 45. Nb1 Kc2
46. Na3+ Kc1 47. f8=Q Rxf8 48. Kxf8 d5 49. Ke7 d4 0-1

[Event "Weekend"]
[Site "Cutro ITA"]
[Date "2006.03.25"]
[Round "2"]
[White "Olivo, Ilaria"]
[Black "Fittante, Enrico"]
[Result "0-1"]
[WhiteElo "1377"]
[BlackElo "1437"]
[PlyCount "104"]
[EventDate "2006.03.24"]

1. e4 e5 2. Nf3 d6 3. d4 exd4 4. Nxd4 Be7 5. Bc4 Nf6 6. Nc3 O-O 7. O-O Bd7 8.
Re1 Nc6 9. Nf3 Bg4 10. h3 Bh5 11. Nd5 Ne5 12. Nxf6+ Bxf6 13. Be2 Bxf3 14. Bxf3
Bg5 15. a3 Qf6 16. Bxg5 Qxg5 17. Bg4 Nxg4 18. Qxg4 Qe5 19. c3 Qb5 20. b4 a5 21.
Qe2 Qe5 22. Qc4 Qe7 23. Qb5 b6 24. e5 axb4 25. cxb4 dxe5 26. Rxe5 Qf6 27. Ree1
Rfd8 28. Qe5 Qxe5 29. Rxe5 Rd3 30. Re3 Rxe3 31. fxe3 Kf8 32. Kf2 Ke7 33. Kf3 g6
34. e4 Ke6 35. Kf4 h6 36. h4 f6 37. g4 g5+ 38. hxg5 hxg5+ 39. Kf3 Ke5 40. a4 c5
41. bxc5 bxc5 42. Rc1 Kd6 43. Rc4 Ra5 44. Ke3 Ke5 45. Kf3 Kd6 46. Ke3 Ra8 47.
Kf3 Rb8 48. Rc3 Rb4 49. a5 Ra4 50. Rd3+ Ke7 51. Rd5 Rxa5 52. e5 Ke6 0-1

[Event "Weekend"]
[Site "Cutro ITA"]
[Date "2006.03.25"]
[Round "2"]
[White "Paragliola, Gennaro"]
[Black "Bellisario, Carlo"]
[Result "1/2-1/2"]
[WhiteElo "1544"]
[BlackElo "1700"]
[PlyCount "41"]
[EventDate "2006.03.24"]

1. d4 Nf6 2. c4 e6 3. Nc3 Bb4 4. Bg5 Bxc3+ 5. bxc3 d5 6. e3 b6 7. cxd5 exd5 8.
Nf3 Qd6 9. Bd3 O-O 10. O-O Bg4 11. h3 Bh5 12. Be2 Nbd7 13. Bf4 Qe7 14. Qc2 Bg6
15. Bd3 Bxd3 16. Qxd3 c5 17. Qb5 Ne4 18. Qb2 c4 19. Rfe1 Ndf6 20. a3 Nh5 21.
Bh2 1/2-1/2

[Event "Weekend"]
[Site "Cutro ITA"]
[Date "2006.03.25"]
[Round "2"]
[White "Policastrese, Salvatore"]
[Black "Macri', Pasquale"]
[Result "1-0"]
[WhiteElo "1440"]
[BlackElo "1374"]
[PlyCount "59"]
[EventDate "2006.03.24"]

1. e4 e5 2. Nf3 d6 3. Be2 f5 4. Nc3 fxe4 5. Nxe4 d5 6. Nc3 Nd7 7. Nxd5 Ne7 8.
Nc3 b6 9. O-O Nc6 10. Bd3 Nd4 11. Re1 Bd6 12. Nxd4 Bb7 13. Nf5 Qg5 14. g3 O-O
15. Nxd6 cxd6 16. Be4 Bxe4 17. Nxe4 Qf5 18. Re2 Nf6 19. Nxd6 Qf3 20. Re1 Qd5
21. Nf5 Rf7 22. d3 Qe6 23. Qf3 h5 24. Qxa8+ Rf8 25. Qf3 Ng4 26. Qd5 Qf7 27.
Ne7+ Kh8 28. Qxf7 Rxf7 29. Ng6+ Kg8 30. Nxe5 1-0

[Event "Weekend"]
[Site "Cutro ITA"]
[Date "2006.03.25"]
[Round "2"]
[White "Scalise, Sandro"]
[Black "Virelli, Salvatore"]
[Result "1/2-1/2"]
[WhiteElo "1592"]
[BlackElo "1545"]
[PlyCount "50"]
[EventDate "2006.03.24"]

1. d4 Nf6 2. Nf3 g6 3. Bf4 Bg7 4. e3 O-O 5. c3 d5 6. Nbd2 Bg4 7. Qb3 b6 8. Ne5
a6 9. Bd3 Be6 10. Rd1 Nh5 11. O-O Nxf4 12. exf4 f6 13. Nef3 Qd6 14. g3 Nc6 15.
Qc2 Bg4 16. c4 Nb4 17. Qb3 Nxd3 18. Qxd3 Bf5 19. Qc3 c6 20. Rfe1 e6 21. Nh4 Bh3
22. Ng2 Rfe8 23. Ne3 f5 24. Nf3 h6 25. Ne5 Kh7 1/2-1/2

[Event "Weekend"]
[Site "Cutro ITA"]
[Date "2006.03.25"]
[Round "3"]
[White "Bellisario, Carlo"]
[Black "Policastrese, Salvatore"]
[Result "1-0"]
[WhiteElo "1700"]
[BlackElo "1440"]
[PlyCount "61"]
[EventDate "2006.03.24"]

1. c4 e5 2. Nc3 Nf6 3. g3 g6 4. Bg2 Bg7 5. e3 Nc6 6. Nge2 O-O 7. O-O Re8 8. a3
d6 9. Rb1 Be6 10. d3 Qd7 11. Nd5 Bf5 12. e4 Bg4 13. f3 Be6 14. Bg5 Qd8 15. Nec3
a6 16. b4 Ne7 17. Bxf6 Bxd5 18. Nxd5 c6 19. Nxe7+ Rxe7 20. Bxe7 Qxe7 21. f4 b5
22. f5 f6 23. Qg4 Qf7 24. fxg6 hxg6 25. cxb5 axb5 26. Rbc1 Rxa3 27. Rxc6 Rxd3
28. Qc8+ Bf8 29. Rc7 Qa2 30. Qe8 Rd2 31. Qxg6+ 1-0

[Event "Weekend"]
[Site "Cutro ITA"]
[Date "2006.03.25"]
[Round "3"]
[White "Camposano, Antonio"]
[Black "Spagnolo, Vincenzo"]
[Result "0-1"]
[WhiteElo "1389"]
[BlackElo "1401"]
[PlyCount "123"]
[EventDate "2006.03.24"]

1. d4 Nc6 2. d5 Ne5 3. e4 Nf6 4. Nd2 e6 5. c4 Bb4 6. a3 Bxd2+ 7. Bxd2 Nxe4 8.
Qe2 f5 9. Nf3 Nxf3+ 10. Qxf3 Nxd2 11. Kxd2 Qf6 12. Kc2 b6 13. Re1 O-O 14. dxe6
c6 15. e7 Re8 16. Qh5 Bb7 17. c5 bxc5 18. Bc4+ Kh8 19. Bf7 g6 20. Qd1 Rxe7 21.
Rxe7 Qxe7 22. Bc4 Qe4+ 23. Bd3 Qxg2 24. Re1 Qxf2+ 25. Re2 Qf4 26. Re7 Qd6 27.
Qe1 Qxh2+ 28. Kb3 Qd6 29. Qc3+ Qd4 30. Qxd4+ cxd4 31. Rxd7 Rb8 32. Rxd4 Ba6+
33. Kc3 Bxd3 34. Rxd3 Re8 35. Kc4 f4 36. Rd6 Rc8 37. b4 Kg7 38. Rd7+ Kh6 39.
Rxa7 f3 40. Rf7 Rg8 41. Rxf3 g5 42. Rf6+ Rg6 43. Rxg6+ Kxg6 44. Kc5 g4 45. Kxc6
g3 46. b5 g2 47. b6 g1=Q 48. b7 Qc1+ 49. Kb6 Qb2+ 50. Ka7 Qxa3+ 51. Kb6 Qd6+
52. Ka7 Qd7 53. Ka8 Qa4+ 54. Kb8 Qa6 55. Kc7 Qa7 56. Kc8 h5 57. b8=Q Qxb8+ 58.
Kxb8 h4 59. Kc7 h3 60. Kd6 h2 61. Ke5 h1=Q 62. Kf4 0-1

[Event "Weekend"]
[Site "Cutro ITA"]
[Date "2006.03.25"]
[Round "3"]
[White "Fittante, Enrico"]
[Black "Olivo, Paolo"]
[Result "1-0"]
[WhiteElo "1437"]
[BlackElo "1604"]
[PlyCount "98"]
[EventDate "2006.03.24"]

1. e4 c5 2. Nf3 d6 3. Nc3 Nf6 4. h3 a6 5. Bc4 e6 6. d3 b5 7. Bb3 Nc6 8. a3 Be7
9. O-O O-O 10. Bg5 h6 11. Be3 Qc7 12. Nh2 Bb7 13. Ng4 Nxg4 14. Qxg4 Ne5 15. Qg3
Kh7 16. f4 Ng6 17. f5 Ne5 18. fxe6 c4 19. dxc4 bxc4 20. Ba2 fxe6 21. Bd4 Ng6
22. Rf3 Rxf3 23. Qxf3 Rf8 24. Qg4 Bc8 25. Be3 Rf6 26. Rf1 Ne5 27. Qg3 Rg6 28.
Qe1 Bb7 29. Bd4 Bf6 30. Bxe5 Bxe5 31. Nd1 d5 32. c3 dxe4 33. Bb1 Bg3 34. Qe2
Kg8 35. Bxe4 Qe5 36. Bf3 Bh2+ 37. Kh1 Qxe2 38. Bxe2 Rxg2 39. Bf3 Rg1+ 40. Rxg1
Bxg1 41. Bxb7 Bc5 42. Bxa6 Kf7 43. Bxc4 Kf6 44. Kg2 e5 45. Kf3 g5 46. Ne3 h5
47. b4 Be7 48. a4 g4+ 49. hxg4 hxg4+ 1-0

[Event "Weekend"]
[Site "Cutro ITA"]
[Date "2006.03.25"]
[Round "3"]
[White "Levato, Biagio"]
[Black "Scalise, Sandro"]
[Result "1/2-1/2"]
[WhiteElo "1522"]
[BlackElo "1592"]
[PlyCount "45"]
[EventDate "2006.03.24"]

1. e4 Nf6 2. d3 d6 3. Nf3 Nc6 4. g3 g6 5. Bg2 Bg7 6. O-O O-O 7. Re1 e5 8. Nbd2
Bd7 9. a4 a6 10. b3 Nb4 11. Bb2 c5 12. Bf1 Rc8 13. c3 Nc6 14. Nc4 Be6 15. d4
cxd4 16. cxd4 Bxc4 17. Bxc4 Qb6 18. dxe5 Ng4 19. Qe2 Ngxe5 20. Nxe5 Nxe5 21.
Rab1 Nxc4 22. Bxg7 Nd2 23. Rb2 1/2-1/2

[Event "Weekend"]
[Site "Cutro ITA"]
[Date "2006.03.25"]
[Round "3"]
[White "Macri', Pasquale"]
[Black "Alo', Lucio"]
[Result "0-1"]
[WhiteElo "1374"]
[BlackElo "1628"]
[PlyCount "54"]
[EventDate "2006.03.24"]

1. e4 e5 2. Nf3 Nc6 3. Bb5 Nge7 4. d3 a6 5. Bc4 h6 6. Nc3 b5 7. Bd5 Bb7 8. Nxe5
Nxd5 9. Nxc6 dxc6 10. exd5 cxd5 11. d4 Be7 12. Qg4 Bf6 13. Qe2+ Be7 14. Qe5 O-O
15. Qg3 Kh8 16. Ne2 Bh4 17. Qe5 Re8 18. Qh5 Qf6 19. g3 Bg5 20. Bxg5 Qxg5 21.
Qxf7 Re7 22. Qf4 Qg6 23. Kd2 Rf7 24. Qe5 Rxf2 25. Qxc7 Qg4 26. Qxb7 Qxe2+ 27.
Kc3 Qc4# 0-1

[Event "Weekend"]
[Site "Cutro ITA"]
[Date "2006.03.25"]
[Round "3"]
[White "Virelli, Salvatore"]
[Black "Paragliola, Gennaro"]
[Result "0-1"]
[WhiteElo "1545"]
[BlackElo "1544"]
[PlyCount "106"]
[EventDate "2006.03.24"]

1. e4 d6 2. d4 Nf6 3. Nc3 g6 4. Be2 Bg7 5. Nf3 O-O 6. h3 Nbd7 7. O-O e5 8. Bg5
h6 9. Be3 exd4 10. Bxd4 Re8 11. Bd3 b6 12. Re1 Bb7 13. Qd2 Nc5 14. Bxc5 dxc5
15. Rab1 Re7 16. Qf4 Qe8 17. Nb5 Qb8 18. Nc3 a6 19. a3 Qe8 20. Re2 Rd8 21. Rbe1
Nh5 22. Qd2 c4 23. Re3 cxd3 24. Rxd3 Rxd3 25. cxd3 Qd8 26. d4 Rd7 27. Rd1 Nf6
28. Qf4 Nh5 29. Qd2 g5 30. d5 Bxc3 31. bxc3 Nf6 32. Qc2 Qe7 33. c4 Qxe4 34.
Qxe4 Nxe4 35. Re1 Nd6 36. Nd2 a5 37. Ne4 Nxe4 38. Rxe4 Kf8 39. h4 Re7 40. f3
Rxe4 41. fxe4 Ba6 42. hxg5 hxg5 43. Kf2 f6 44. Ke3 Bxc4 45. Kd4 Bb5 46. g3 Ke7
47. Ke3 Kd6 48. Kd4 Bd7 49. Ke3 Kc5 50. Kd3 b5 51. Kc2 Bg4 52. Kd2 Bf3 53. Ke3
Bh1 0-1

[Event "Weekend"]
[Site "Cutro ITA"]
[Date "2006.03.26"]
[Round "4"]
[White "Alo', Lucio"]
[Black "Bellisario, Carlo"]
[Result "0-1"]
[WhiteElo "1628"]
[BlackElo "1700"]
[PlyCount "139"]
[EventDate "2006.03.24"]

1. Nf3 d5 2. d4 Nf6 3. Nc3 e6 4. Bd2 Be7 5. e3 b6 6. Bd3 O-O 7. O-O Nbd7 8. h3
Bb7 9. Nh2 c5 10. Ng4 c4 11. Be2 a6 12. f4 Nxg4 13. Bxg4 Nf6 14. Qf3 Ne4 15.
Nxe4 dxe4 16. Qg3 f5 17. Be2 Bd5 18. c3 Rf6 19. Qh2 Rg6 20. Be1 Rh6 21. Bg3 Bh4
22. Bxh4 Qxh4 23. Rf2 Rf8 24. Bf1 Rg6 25. Rc1 Rg3 26. Re1 Rf6 27. Kh1 Rxe3 28.
Rfe2 Rxe2 29. Rxe2 Rg6 30. Kg1 Rg3 31. Kh1 e3 32. Kg1 Qxf4 33. h4 Bf3 34. Re1
e2 35. Rxe2 Bxe2 36. Bxe2 Qe3+ 37. Kf1 f4 38. h5 Qc1+ 39. Kf2 Qe3+ 40. Kf1 b5
41. Qh4 h6 42. Qh2 Qc1+ 43. Kf2 Qxb2 44. Qh4 Qxc3 45. Qxf4 Rg5 46. g4 b4 47.
Qe4 Kf7 48. Qb7+ Kf6 49. Qc7 Qxd4+ 50. Kf1 c3 51. Qc8 a5 52. Qf8+ Ke5 53. Qb8+
Qd6 54. Qb5+ Kf6 55. Qc4 Qd2 56. Qc8 c2 57. Qf8+ Ke5 58. Qb8+ Qd6 59. Qc8 Qd1+
60. Kf2 c1=Q 61. Qb8+ Qd6 62. Qb5+ Qcc5+ 63. Qxc5+ Qxc5+ 64. Kf3 Qc3+ 65. Kf2
b3 66. axb3 Qxb3 67. Bf3 a4 68. Be2 a3 69. Ke1 a2 70. Bd1 0-1

[Event "Weekend"]
[Site "Cutro ITA"]
[Date "2006.03.26"]
[Round "4"]
[White "Fittante, Enrico"]
[Black "Virelli, Salvatore"]
[Result "1/2-1/2"]
[WhiteElo "1437"]
[BlackElo "1545"]
[PlyCount "81"]
[EventDate "2006.03.24"]

1. Nf3 Nf6 2. d3 d5 3. Bg5 Nbd7 4. Nc3 e6 5. e3 Be7 6. Be2 O-O 7. O-O a6 8. e4
c6 9. e5 Ne8 10. Bf4 f6 11. d4 b5 12. Bd3 Qc7 13. Ne2 f5 14. c3 g6 15. g3 c5
16. Kg2 c4 17. Bc2 b4 18. h4 Ng7 19. Bh6 Re8 20. Nf4 Nf8 21. Ng5 bxc3 22. bxc3
Bxg5 23. Bxg5 h5 24. Bf6 Qf7 25. Nh3 Nh7 26. Bg5 Rb8 27. Rb1 Bd7 28. f4 Bc6 29.
Ba4 Rxb1 30. Qxb1 Bxa4 31. Qb4 Qd7 32. Rb1 Qb5 33. a3 Nxg5 34. Nxg5 Qxb4 35.
axb4 Rb8 36. Ra1 Bb5 37. Kf2 Ra8 38. Ke3 Bd7 39. Kd2 Ne8 40. Kc2 Nc7 41. Kd2
1/2-1/2

[Event "Weekend"]
[Site "Cutro ITA"]
[Date "2006.03.26"]
[Round "4"]
[White "Paragliola, Gennaro"]
[Black "Levato, Biagio"]
[Result "1-0"]
[WhiteElo "1544"]
[BlackElo "1522"]
[PlyCount "59"]
[EventDate "2006.03.24"]

1. d4 Nf6 2. c4 g6 3. Nc3 Bg7 4. e4 d6 5. Nf3 O-O 6. Be2 c5 7. d5 e6 8. dxe6
fxe6 9. O-O Nc6 10. Bg5 a6 11. Qd2 Qc7 12. Bh6 d5 13. Bxg7 Qxg7 14. cxd5 Rd8
15. Qe3 exd5 16. exd5 Nxd5 17. Bc4 Nce7 18. Rfd1 b5 19. Bxd5+ Nxd5 20. Rxd5 Bb7
21. Rxd8+ Rxd8 22. Qe6+ Kf8 23. Qe5 b4 24. Qxc5+ Kg8 25. Qxb4 Qc7 26. Ng5 a5
27. Qb3+ Kh8 28. Nf7+ Kg7 29. Nxd8 Bc8 30. Ne6+ 1-0

[Event "Weekend"]
[Site "Cutro ITA"]
[Date "2006.03.26"]
[Round "4"]
[White "Policastrese, Salvatore"]
[Black "Camposano, Antonio"]
[Result "1-0"]
[WhiteElo "1440"]
[BlackElo "1389"]
[PlyCount "109"]
[EventDate "2006.03.24"]

1. e4 Nf6 2. Nc3 d6 3. d4 g6 4. Nf3 Bg7 5. h3 O-O 6. Bd3 b6 7. O-O Ba6 8. Bxa6
Nxa6 9. a3 Kh8 10. Be3 Ng8 11. Ng5 e6 12. Qd2 c5 13. d5 Nc7 14. Rfe1 Bd4 15.
dxe6 Bxe3 16. Qxe3 Nxe6 17. Nf3 Re8 18. Rad1 Kg7 19. e5 g5 20. g3 h6 21. exd6
Kg6 22. Ne5+ Kg7 23. d7 Re7 24. Nc6 Nf8 25. Nxd8 Rxe3 26. Rxe3 Rxd8 27. Re8
Rxd7 28. Rxf8 Rxd1+ 29. Nxd1 Kxf8 30. Kf1 Nf6 31. Ke2 Nd7 32. Ne3 f6 33. Kd3
Kg7 34. Kc4 Kg6 35. Kb5 a5 36. Kc6 Ne5+ 37. Kxb6 c4 38. Kxa5 f5 39. Kb5 f4 40.
gxf4 gxf4 41. Nxc4 Nd3 42. cxd3 Kh5 43. a4 Kh4 44. a5 Kxh3 45. a6 Kg2 46. a7
Kxf2 47. a8=Q f3 48. Nd2 Ke2 49. Nxf3 Kxd3 50. b4 Kc3 51. Qc8+ Kb3 52. Qc4+ Kb2
53. Ka4 h5 54. Qb3+ Ka1 55. Ka3 1-0

[Event "Weekend"]
[Site "Cutro ITA"]
[Date "2006.03.26"]
[Round "4"]
[White "Scalise, Sandro"]
[Black "Spagnolo, Vincenzo"]
[Result "1-0"]
[WhiteElo "1592"]
[BlackElo "1401"]
[PlyCount "39"]
[EventDate "2006.03.24"]

1. d4 d5 2. Nf3 Nc6 3. Bf4 Nf6 4. e3 Bd7 5. c3 g6 6. Nbd2 b6 7. Qc2 Nb8 8. Bd3
c6 9. Ne5 Rg8 10. O-O-O e6 11. Ndf3 Bd6 12. Nxf7 Kxf7 13. Bxd6 Ke8 14. Ng5 Rg7
15. h4 Ng8 16. Nxh7 Rxh7 17. Bxg6+ Rf7 18. Bxf7+ Kxf7 19. Qh7+ Kf6 20. Be5# 1-0

[Event "Weekend"]
[Site "Cutro ITA"]
[Date "2006.03.26"]
[Round "5"]
[White "Bellisario, Carlo"]
[Black "Scalise, Sandro"]
[Result "1/2-1/2"]
[WhiteElo "1700"]
[BlackElo "1592"]
[PlyCount "83"]
[EventDate "2006.03.24"]

1. c4 Nf6 2. Nc3 g6 3. g3 Bg7 4. Bg2 d6 5. e3 O-O 6. Nge2 e5 7. O-O c6 8. Rb1
Re8 9. d3 Qc7 10. e4 Nbd7 11. b4 b6 12. b5 c5 13. Qc2 Nf8 14. Nd5 Nxd5 15. cxd5
f5 16. f4 Qe7 17. fxe5 Bxe5 18. Bb2 Qg7 19. Bxe5 Rxe5 20. Qc4 fxe4 21. Bxe4 Bh3
22. Rf2 Qh6 23. Nf4 Rae8 24. Nxh3 Qxh3 25. Rbf1 Nd7 26. Rf7 R5e7 27. Rxe7 Rxe7
28. Qc1 Ne5 29. Bg2 Qh5 30. d4 Ng4 31. h3 Ne3 32. Re1 cxd4 33. Qc8+ Kf7 34. Qc6
Qe5 35. g4 Qg3 36. Re2 d3 37. Rf2+ Kg7 38. Qc3+ Qe5 39. Qxd3 Nxg2 40. Rxg2 Qe1+
41. Kh2 Qe5+ 42. Kg1 1/2-1/2

[Event "Weekend"]
[Site "Cutro ITA"]
[Date "2006.03.26"]
[Round "5"]
[White "Levato, Biagio"]
[Black "Fittante, Enrico"]
[Result "1-0"]
[WhiteElo "1522"]
[BlackElo "1437"]
[PlyCount "63"]
[EventDate "2006.03.24"]

1. Nf3 Nf6 2. d3 d6 3. g3 e5 4. e4 Bg4 5. Bg2 Be7 6. O-O Nc6 7. c3 O-O 8. h3
Be6 9. Re1 Qd7 10. Kh2 Ne8 11. d4 exd4 12. cxd4 Bc4 13. Nc3 b6 14. a4 a5 15. b3
Ba6 16. e5 Bb7 17. Bf4 d5 18. Ng5 h6 19. Nxf7 Nb4 20. e6 Qc6 21. Rc1 b5 22.
Nxb5 Qb6 23. Qg4 Nf6 24. Qg6 Rxf7 25. Qxf7+ Kh7 26. Qxe7 c6 27. Nd6 Nd3 28. Nf5
Rg8 29. Bxh6 Ne8 30. Bxg7 Nxg7 31. Qh4+ Kg6 32. Ne7# 1-0

[Event "Weekend"]
[Site "Cutro ITA"]
[Date "2006.03.26"]
[Round "5"]
[White "Macri', Pasquale"]
[Black "Camposano, Antonio"]
[Result "1-0"]
[WhiteElo "1374"]
[BlackElo "1389"]
[PlyCount "81"]
[EventDate "2006.03.24"]

1. e4 d6 2. d4 b6 3. c4 c5 4. d5 Nf6 5. Nc3 Bg4 6. Be2 Bxe2 7. Ngxe2 g6 8. O-O
Bg7 9. h3 O-O 10. Ng3 Nbd7 11. f4 Bh6 12. f5 Bxc1 13. Qxc1 Nh5 14. Nxh5 gxh5
15. Qg5+ Kh8 16. Qxh5 Nf6 17. Qh6 Ng8 18. Qg5 f6 19. Qg4 Nh6 20. Qh5 Ng8 21.
Rf3 Qe8 22. Qxe8 Raxe8 23. Raf1 Nh6 24. g4 Nf7 25. h4 Ne5 26. Rg3 Nxc4 27. Rf2
h6 28. g5 Rg8 29. Rfg2 Kh7 30. g6+ Kg7 31. Nb5 a6 32. Nc7 Rc8 33. Ne6+ Kh8 34.
g7+ Kh7 35. Nf8+ Rcxf8 36. gxf8=Q Rxf8 37. Rg7+ Kh8 38. Rxe7 a5 39. Rgg7 Nxb2
40. Rh7+ Kg8 41. Reg7# 1-0

[Event "Weekend"]
[Site "Cutro ITA"]
[Date "2006.03.26"]
[Round "5"]
[White "Paragliola, Gennaro"]
[Black "Policastrese, Salvatore"]
[Result "1-0"]
[WhiteElo "1544"]
[BlackElo "1440"]
[PlyCount "81"]
[EventDate "2006.03.24"]

1. d4 d5 2. c4 c6 3. cxd5 cxd5 4. Nc3 Nf6 5. Nf3 Nc6 6. Bg5 Bf5 7. e3 a6 8. Rc1
Bg4 9. h3 Bh5 10. Be2 e6 11. g4 Bg6 12. Nh4 h6 13. Nxg6 fxg6 14. Bh4 Be7 15.
Qc2 g5 16. Bg3 Rg8 17. O-O Bd6 18. Bd3 Nb4 19. Bg6+ Kf8 20. Qb1 Qe7 21. a3 Nc6
22. Na4 e5 23. dxe5 Bxe5 24. Qf5 Bxg3 25. fxg3 Qxe3+ 26. Kg2 Qe4+ 27. Qxe4 dxe4
28. Bxe4 Na5 29. Rc7 Rb8 30. Bg6 Nc6 31. Rf7+ Ke8 32. R7xf6+ Ke7 33. Rf7+ Kd6
34. Rd1+ Ke6 35. Nc5+ Ke5 36. Nd7+ Ke6 37. Nxb8 Rxb8 38. Rdd7 Na5 39. Bf5+ Ke5
40. Rxg7 b5 41. Rge7+ 1-0

[Event "Weekend"]
[Site "Cutro ITA"]
[Date "2006.03.26"]
[Round "5"]
[White "Spagnolo, Vincenzo"]
[Black "Olivo, Paolo"]
[Result "1/2-1/2"]
[WhiteElo "1401"]
[BlackElo "1604"]
[PlyCount "25"]
[EventDate "2006.03.24"]

1. e4 c5 2. Nf3 d6 3. d4 cxd4 4. Nxd4 Nf6 5. Nc3 a6 6. Nf3 Bg4 7. Be2 Nc6 8. h3
Bxf3 9. Bxf3 e5 10. Bg5 Be7 11. Bxf6 gxf6 12. O-O Nd4 13. Bg4 1/2-1/2

[Event "Weekend"]
[Site "Cutro ITA"]
[Date "2006.03.26"]
[Round "5"]
[White "Virelli, Salvatore"]
[Black "Alo', Lucio"]
[Result "1-0"]
[WhiteElo "1545"]
[BlackElo "1628"]
[PlyCount "63"]
[EventDate "2006.03.24"]

1. e4 e5 2. Nf3 Nc6 3. Bb5 Nge7 4. c3 a6 5. Ba4 b5 6. Bb3 h6 7. O-O Ng6 8. d4
Bd6 9. Bd5 Rb8 10. Bxc6 dxc6 11. dxe5 Nxe5 12. Nxe5 Bxe5 13. Qxd8+ Kxd8 14. Nd2
Re8 15. Rd1 Ke7 16. Nf3 Bg4 17. Rd3 Rbd8 18. Nxe5 Be2 19. Nxc6+ Kf8 20. Rxd8
Rxd8 21. Nxd8 Ke7 22. Nc6+ Kd6 23. Nd4 Bc4 24. Bf4+ Kd7 25. f3 g5 26. b3 Bd3
27. Rd1 gxf4 28. Rxd3 Ke7 29. Nf5+ Kf6 30. Nxh6 Kg6 31. Ng8 Kg7 32. Ne7 1-0

[Event "Open SSM Autunno"]
[Site "Milano ITA"]
[Date "2006.09.12"]
[Round "2"]
[White "Chinnici, Giorgio"]
[Black "Papale, Carmelo"]
[Result "1/2-1/2"]
[WhiteElo "1724"]
[BlackElo "1938"]
[PlyCount "57"]
[EventDate "2006.09.08"]

1. e4 c5 2. Nc3 e6 3. Bc4 Nc6 4. f4 Nge7 5. e5 Nf5 6. Nf3 a6 7. a3 b5 8. Ba2
Bb7 9. O-O Ncd4 10. Nxd4 cxd4 11. Ne2 d3 12. cxd3 Bc5+ 13. d4 Nxd4 14. Nxd4
Bxd4+ 15. Kh1 Qh4 16. Qe1 Qg4 17. Qg3 Qe2 18. Rg1 Bxg1 19. Kxg1 Rc8 20. Bb3 h5
21. h3 Rh6 22. f5 exf5 23. Qxg7 Rc4 24. Bxc4 bxc4 25. Qg8+ Ke7 26. Qg5+ f6 27.
Qg7+ Kd8 28. Qf8+ Kc7 29. Qd6+ 1/2-1/2

[Event "XIX Weekend"]
[Site "Cocquio-Trevisago ITA"]
[Date "2006.11.25"]
[Round "1"]
[White "Reale, Simone"]
[Black "Zuccoli, Maurizio"]
[Result "0-1"]
[WhiteElo "1392"]
[BlackElo "1754"]
[PlyCount "59"]
[EventDate "2006.11.25"]

1. d4 d5 2. c4 e6 3. Nc3 Nf6 4. cxd5 exd5 5. Bg5 Be7 6. Nf3 c6 7. e3 Bg4 8. Bd3
Nbd7 9. O-O O-O 10. h3 Bh5 11. Be2 Re8 12. Qc2 Ne4 13. Bxe7 Qxe7 14. Rae1 h6
15. Nh2 Bg6 16. Qc1 Qd6 17. Bf3 Bf5 18. Bxe4 dxe4 19. f3 Qg6 20. Kh1 Nf6 21.
fxe4 Bxe4 22. Nxe4 Rxe4 23. Rf3 Qg5 24. Ref1 h5 25. Rf4 Rae8 26. Nf3 Qg3 27.
Rxe4 Rxe4 28. Re1 Nd5 29. Qd2 g5 30. Qd3 0-1

[Event "XIX Weekend"]
[Site "Cocquio-Trevisago ITA"]
[Date "2006.11.26"]
[Round "2"]
[White "Brighenti, Alessandro"]
[Black "Reale, Simone"]
[Result "1-0"]
[WhiteElo "1588"]
[BlackElo "1392"]
[PlyCount "43"]
[EventDate "2006.11.25"]

1. e4 c5 2. Nc3 Nc6 3. g3 d6 4. Bg2 e6 5. d3 Be7 6. f4 Bd7 7. Nf3 Qc7 8. O-O
Nf6 9. h3 O-O-O 10. Be3 d5 11. exd5 Nxd5 12. Nxd5 exd5 13. d4 c4 14. Ne5 Nxe5
15. dxe5 Bc5 16. Bd4 Be6 17. c3 Kb8 18. b4 Bxd4+ 19. Qxd4 Qb6 20. Qxb6 axb6 21.
f5 Bd7 22. Bxd5 1-0